| 000 | 01012nam a2200265Ia 4500 | ||
|---|---|---|---|
| 999 |
_c4152 _d4152 |
||
| 003 | OSt | ||
| 005 | 20200506101606.0 | ||
| 008 | 191128s2005 sp gr 000 0dspa d | ||
| 020 | _a9587043472 | ||
| 040 |
_aCO-JMCR _cCO-JMCR |
||
| 041 | 0 | _aspa | |
| 082 | 0 | 4 |
_a306 .3 / _bS399p |
| 100 | 1 |
_aSchwartz, Barry, _eautor _93972 |
|
| 245 | 1 | 0 |
_aPor qué más es menos : _bla tiranía de la abundancia / _cBarry Schwartz ; Gabriela Busetelo, traductora |
| 260 |
_aMadrid : _bTaurus, _c2005 |
||
| 300 |
_a273 Páginas ; _c24 cm. |
||
| 500 | _aIncluye biografía del autor en solapa. | ||
| 505 | _aDe compras -- Nuevas posibilidades de elección -- Decidir y elegir -- Cuando sólo nos conformamos con lo mejor -- La capacidad de elgir y la felicidad -- Oprtunidad perdidas | ||
| 650 | 1 | 4 |
_aToma de decisiones. _9283 |
| 650 | 2 | 4 |
_aElección _xPsicología _93973 |
| 650 | 2 | 4 |
_aOferta y demanda _93974 |
| 650 | 2 | 4 |
_aEconomía del bienestar _93975 |
| 700 | 1 |
_aCarrero, Teresa, _etraductora _93976 |
|
| 942 |
_2ddc _cBK |
||